[Event "URS-chT"]
[Site "Azov"]
[Date "1991.??.??"]
[Round "?"]
[White "Lputian, Smbat G"]
[Black "Bologan, Viktor"]
[Result "1/2-1/2"]
[WhiteElo "2570"]
[BlackElo "2535"]

1.d4 d6 2.Nf3 Nf6 3.c4 g6 4.Nc3 Bg7 5.e4 O-O 6.Be2 e5 7.O-O Nc6 8.Be3 Ng4
9.Bg5 f6 10.Bc1 f5 11.Bg5 Qe8 12.Nd5 Qf7 13.Be7 Nxe7 14.Ng5 Qe8 15.Nxc7 Qd8
16.Nce6 Bxe6 17.Nxe6 Qd7 18.exf5 gxf5 19.Nxf8 Rxf8 20.h3 Nh6 21.dxe5 Bxe5
22.Bf3 b6 23.Re1 Ng6 24.Rb1 Qg7 25.b4 Kh8 26.c5 dxc5 27.bxc5 bxc5 28.Rb7 Qf6
29.Qd7 Rf7 30.Qe8+ Kg7 31.Reb1 Bc7 32.Re1 Qd6 33.Kf1 c4 34.Qe3 Bb6 35.Qc3+ Bd4
36.Qxc4 Rxb7 37.Bxb7 Bf6 38.Bf3 Nf7 39.Qd5 Qa6+ 40.Be2 Qc8 41.Rb1 Nf4 42.Qc4 Qxc4
43.Bxc4 Nd6 44.Ba6 Bd4 45.Rc1 Ne4 46.Rc7+ Kg6 47.Bb7 Bb6 48.Rd7 Nc5 49.Rd6+ Kg7
50.Bc8 Ne4 51.Rc6 Nxf2 52.Rxb6 axb6 53.Kxf2 Kf6 54.Ba6 Ne6 55.Bc4 Nd4 56.Ke3 Ke5
57.Kd3 f4 58.Bg8 h5 59.Bf7 h4 60.Bh5 Nf5 61.Bf3 Nd6 62.a4 Nf5 63.Ba8 Nd6
64.Ke2 Ne4 65.Kf3 Nc5 66.Bc6 Kf5 67.Be8 Kg5 68.Bb5 Kf5 69.Bc6 Kg5 70.Ke2 Kf5
71.Kd2 Ke5 72.Kc3 Kd6 73.Be8 Kd5 74.Bb5 Ne4+ 75.Kb4 Kd4 76.Bc6 Nd6 77.Bf3 Kd3
78.Bc6 Kd4  1/2-1/2

[Event "URS-chT"]
[Site "Azov"]
[Date "1991.??.??"]
[Round "?"]
[White "Annageldiev, Orazly"]
[Black "Bologan, Viktor"]
[Result "1-0"]
[WhiteElo "2420"]
[BlackElo "2535"]

1.d4 d6 2.Nf3 Nf6 3.Nc3 g6 4.e4 Bg7 5.Be2 O-O 6.O-O c6 7.Re1 Nbd7 8.a4 e5
9.dxe5 dxe5 10.h3 Qe7 11.Bc4 Nc5 12.Qe2 Nh5 13.Bg5 Qc7 14.Qe3 Ne6 15.Bh6 a5
16.Bxg7 Nhxg7 17.Rad1 Kh8 18.Qh6 f6 19.Nh4 Kg8 20.g3 Nh5 21.Nf5 Kh8 22.Nd6 Bd7
23.Re3 Ng5 24.h4 Bg4 25.Be2 Bxe2 26.Nxe2 Ne6 27.Red3 Nc5 28.R3d2 Qg7 29.Qe3 b6
30.g4 Nf4 31.Nxf4 exf4 32.Qxf4 Nxa4 33.Nc4 Nc5 34.Nxb6 Rae8 35.Nd7 Ne6 36.Qg3 Rf7
37.e5 fxe5 38.Nxe5 Rf4 39.Re2 Ref8 40.Rd7 Nd4 41.Re3 Qf6 42.Nd3 Nf3+ 43.Kg2 Nxh4+
44.Kf1 Rf3 45.Qe5 Rxe3 46.Qxe3 Nf3 47.Ke2 c5 48.Qxc5 Re8+ 49.Kf1 h5 50.gxh5 Nd2+
51.Kg1 Nf3+ 52.Kf1 Nd2+ 53.Kg1 Nf3+ 54.Kg2 Nh4+ 55.Kf1 Nf5 56.Qc3 Qxc3 57.bxc3 gxh5
58.Rd5 Rf8 59.Nf4 Rf7 60.Rxa5 h4 61.Kg2 Kg7 62.Ra6 Rb7 63.Kf3 Rb2 64.Ke4 Nh6
65.Ra7+ Kf6 66.Ra6+ Kg7 67.Kd3 Rb1 68.Rg6+ Kh7 69.Rg5 Rh1 70.Rh5 Kg7 71.c4 Nf7
72.c5 Nd8 73.Kc4 Kf6 74.Kd5 Rc1 75.Rxh4 Rxc2 76.Nd3 Rd2 77.Rh3 Ke7 78.c6 Rc2
79.Rh7+ Kf6 80.c7 Ne6 81.Rh6+ Kf5 82.Rxe6 Rxc7 83.Re5+ Kf6 84.f4 Rc2 85.Kd4 Rd2
86.Ke3 Rd1 87.Ra5  1-0

[Event "URS-chT"]
[Site "Azov"]
[Date "1991.??.??"]
[Round "?"]
[White "Ionov, Sergey"]
[Black "Bologan, Viktor"]
[Result "1-0"]
[WhiteElo "2510"]
[BlackElo "2535"]

1.Nf3 Nf6 2.c4 g6 3.g3 Bg7 4.Bg2 d6 5.d4 Nc6 6.d5 Ne5 7.Nxe5 dxe5 8.Nc3 O-O
9.O-O e6 10.dxe6 Bxe6 11.Bxb7 Rb8 12.Bg2 Qd4 13.Qa4 Bd7 14.Qa5 Qxc4 15.b3 Qg4
16.Ba3 Rfe8 17.Rad1 e4 18.e3 h5 19.Rd2 h4 20.h3 Qe6 21.gxh4 Rb6 22.Bc5 Ra6
23.Qb4 Qf5 24.Rfd1 Rc6 25.Nd5 a5 26.Qxa5 Nxd5 27.Rxd5 Be5 28.Qd2 Be6 29.Rd8 Rxd8
30.Qxd8+ Kh7 31.b4 Ra6 32.Qg5 Rxa2 33.Qxf5 Bxf5 34.Bd4 Bd6 35.Bf6 Ra4 36.b5 Rb4
37.Bf1 Bd7 38.Ra1 Bf8 39.Rc1 Bxb5 40.Bxb5 Rxb5 41.Rxc7 Rf5 42.Bd4 Bb4 43.Rb7 Be1
44.Rb2 g5 45.Kf1 Ba5 46.Rb7 gxh4 47.Re7 Kg6 48.Rxe4 Rh5 49.Rg4+ Kf5 50.Rf4+ Ke6
51.Rf6+ Ke7 52.Ra6 Bb4 53.Bf6+ Kd7 54.Ra4 Ke6 55.Bd8 Kd7 56.Rxb4 Kxd8 57.Re4 Kd7
58.Ke2 Kd6 59.Kf3 Rh8 60.Kf4 Rg8 61.Ra4 Ke7 62.Ra7+ Kf6 63.Ra6+ Kg7 64.Kg4 Kf8+
65.Kxh4 Rg2 66.Rf6 Ke7 67.Rf5 f6 68.e4 Rg1 69.f3 Rg8 70.Rf4 Rg1 71.Kh5 Kf7
72.Kh4 Ke7 73.Rg4 Rf1 74.Kg3 f5 75.Rf4 fxe4 76.fxe4 Rg1+ 77.Kh4 Ke6 78.Kh5 Rg8
79.Rf5 Rh8+ 80.Kg4 Rg8+ 81.Rg5 Ra8 82.h4 Ra4 83.Kf4 Ra2 84.Rg6+ Kf7 85.Rb6 Rf2+
86.Kg5  1-0

[Event "URS-chT"]
[Site "Azov"]
[Date "1991.??.??"]
[Round "?"]
[White "Bologan, Viktor"]
[Black "Temirbaev, Serik"]
[Result "1-0"]
[WhiteElo "2535"]
[BlackElo "2435"]

1.e4 e6 2.d4 d5 3.exd5 exd5 4.Nf3 Bd6 5.c4 dxc4 6.Bxc4 Nf6 7.O-O O-O 8.Nc3 c6
9.Re1 Nbd7 10.Bb3 h6 11.Ne5 Nb6 12.Qf3 Bxe5 13.dxe5 Nfd5 14.Ne4 Qh4 15.Nd6 Qe7
16.Qg3 Kh8 17.f4 f5 18.Be3 Nxe3 19.Qxe3 Be6 20.Bxe6 Qxe6 21.Nxb7 Nd5 22.Qf2 Rab8
23.Nc5 Qe7 24.Rac1 Rb4 25.Nd3 Re4 26.Rxc6 Nb4 27.Nxb4 Qxb4 28.Rf1 Qa4 29.Rc7 Qxa2
30.Rxa7 Qc4 31.Kh1 Re2 32.Qg3 Rg8 33.b3 Qb5 34.Raa1 Rd8 35.Rfd1 Rxd1+ 36.Rxd1 Kh7
37.h3 Rb2 38.Rd6 Qe8 39.Qd3 Qh5 40.Kh2 Rf2 41.Qg3 Rb2 42.Rd7 Qg6 43.Qf3 Rb1
44.Qd3 Re1 45.b4 h5 46.Rd6 Qf7 47.b5 Re4 48.Qg3 Rb4 49.b6 Rb2 50.Qg5 Rb5
51.Rc6 Rb2 52.Rc1 Qg6 53.Qxg6+ Kxg6  1-0

[Event "Gausdal Int"]
[Site "Gausdal"]
[Date "1991.??.??"]
[Round "1"]
[White "Bologan, Viktor"]
[Black "Bjerke, Richard"]
[Result "1-0"]
[WhiteElo "2535"]
[BlackElo "2285"]

1.e4 e5 2.Nf3 Nc6 3.Bc4 Bc5 4.c3 Nf6 5.d3 d6 6.Nbd2 a6 7.Bb3 O-O 8.h3 Ba7
9.Nf1 Ne7 10.Ng3 h6 11.O-O c6 12.d4 Ng6 13.Be3 Qc7 14.a4 Re8 15.Re1 Be6 16.Bc2 Bb6
17.Qd2 Rad8 18.a5 Ba7 19.Qe2 Nf4 20.Qf1 N6h5 21.Nxh5 Nxh5 22.g4 Qc8 23.d5 cxd5
24.Bxa7 dxe4 25.Rxe4 Nf4 26.Rxf4 exf4 27.Nd4 Bc4 28.Qg2 Re5 29.Bf5 Qa8 30.Bb6 Rde8
31.b3 Re1+ 32.Rxe1 Rxe1+ 33.Kh2 Bf1 34.Qf3 g5 35.Bd7 Qb8 36.c4 d5 37.cxd5 Bd3
38.Bf5 Bf1 39.Qc3 Qe5 40.Qc8+ Kg7  1-0

[Event "Gausdal Int"]
[Site "Gausdal"]
[Date "1991.??.??"]
[Round "2"]
[White "Kraidman, Yair"]
[Black "Bologan, Viktor"]
[Result "1/2-1/2"]
[WhiteElo "2420"]
[BlackElo "2535"]

1.d4 Nf6 2.c4 g6 3.Nc3 Bg7 4.e4 d6 5.f3 O-O 6.Be3 e5 7.Nge2 c6 8.Qd2 Nbd7
9.d5 cxd5 10.cxd5 Ne8 11.g4 a6 12.Ng3 b5 13.Bd3 Nc5 14.Bc2 Rb8 15.b4 Nd7
16.Bd3 Nb6 17.O-O Bd7 18.Kh1 Rc8 19.a4 Nc4 20.Bxc4 Rxc4 21.axb5 axb5 22.Nce2 Qc8
23.Ra7 Nc7 24.Rfa1 f6 25.Bb6 Qb8 26.Qe3 Bh6 27.Qg1 Rc8 28.R1a2 Be8 29.Kg2 Bf7
30.Bxc7 R4xc7 31.R7a6 Rb7 32.Qa1 Kg7 33.R2a3 Rc4 34.Qb2 Qc7 35.Rc3 Rxc3 36.Qxc3 Qxc3
37.Nxc3 Bd2 38.Nge2 Be8 39.Rxd6 Rc7 40.Rd8 Kf7 41.d6 Rd7 42.Rb8 Rxd6 43.Nxb5 Rd3
44.Nc7 Ba4 45.Nd5 Bc6 46.b5 Rb3 47.Nec3 Bxc3 48.Nxc3 f5 49.Rb6 Ba8 50.Ra6 Rxc3
51.Rxa8 Rc2+ 52.Kf1 fxg4 53.fxg4 Rxh2 54.g5 Rb2 55.Rb8 Ke6 56.Rb7 Kd6  1/2-1/2

[Event "Peer Gynt"]
[Site "Gausdal"]
[Date "1991.??.??"]
[Round "2"]
[White "Murugan, Krishnamoorthy"]
[Black "Bologan, Viktor"]
[Result "0-1"]
[WhiteElo "2395"]
[BlackElo "2535"]

1.d4 d6 2.Nf3 Nf6 3.c4 g6 4.Nc3 Bg7 5.e4 O-O 6.Be2 e5 7.O-O Nc6 8.Be3 Ng4
9.Bg5 f6 10.Bc1 f5 11.Bg5 Qe8 12.d5 Nb8 13.Ne1 Nf6 14.exf5 Bxf5 15.Nc2 a5
16.Ne3 Bd7 17.Ng4 Na6 18.Nxf6+ Bxf6 19.Be3 e4 20.Bd4 Nc5 21.Bxf6 Rxf6 22.Qd4 Rf5
23.Nd1 Re5 24.Ne3 Qe7 25.b3 Rf8 26.Rab1 Rf4 27.a3 Rh4 28.b4 Nd3 29.g3 Rh6
30.Ng4 Bxg4 31.Bxg4 axb4 32.f4 Rf5 33.Bxf5 gxf5 34.axb4 Rg6 35.Kg2 h5 36.Ra1 Kh7
37.Ra8 Rg7 38.Rb8 b6 39.b5 h4 40.Qa1 e3  0-1

[Event "Gausdal Int"]
[Site "Gausdal"]
[Date "1991.??.??"]
[Round "3"]
[White "Bologan, Viktor"]
[Black "Westerinen, Heikki MJ"]
[Result "1-0"]
[WhiteElo "2535"]
[BlackElo "2420"]

1.e4 e5 2.Nf3 Nc6 3.Bc4 Nf6 4.d3 Bc5 5.c3 a6 6.Bb3 d6 7.Nbd2 O-O 8.h3 Ba7
9.Nf1 Ne7 10.Ng3 Ng6 11.O-O h6 12.d4 exd4 13.cxd4 d5 14.e5 Ne4 15.Bc2 Nh4
16.Nxe4 dxe4 17.Bxe4 Nxf3+ 18.Qxf3 Qxd4 19.Bf4 c6 20.Rad1 Qb4 21.Bxh6 gxh6
22.Qg3+ Kh8 23.Qf4 Kg7 24.Rd3 Re8 25.Rg3+ Kf8 26.Qxh6+ Ke7 27.Qh4+ Kf8 28.a3 Qd4
29.Qh6+ Ke7 30.Qf6+ Kd7 31.Rd3 Qxd3 32.Bxd3  1-0

[Event "Peer Gynt"]
[Site "Gausdal"]
[Date "1991.??.??"]
[Round "5"]
[White "Bologan, Viktor"]
[Black "Prasad, Devaki V"]
[Result "1-0"]
[WhiteElo "2535"]
[BlackElo "2420"]

1.e4 c5 2.Nf3 Nc6 3.Bb5 d6 4.O-O Bd7 5.Re1 g6 6.c3 Bg7 7.d4 a6 8.Ba4 b5 9.Bb3 c4
10.Bc2 e5 11.d5 Na5 12.b3 cxb3 13.axb3 Ne7 14.Ba3 Nb7 15.c4 O-O 16.cxb5 axb5
17.b4 Nc8 18.Bd3 Nb6 19.Nc3 Na4 20.Nxa4 Rxa4 21.Qb3 Qb6 22.Rac1 Rfa8 23.Bb2 Bf6
24.Nd2 Bg5 25.Rc2 Bxd2 26.Rxd2 Rc8 27.h3 Nd8 28.Kh2 f6 29.g3 Nf7 30.f4 Kg7
31.Kg2 Qa7 32.Ree2 Qb6 33.Rf2 Rc7 34.Rf3 Ra8 35.Rdf2 Be8 36.Qd1 Re7 37.Qc1 Ra4
38.Qd2 Bd7 39.g4 Ra8 40.g5 fxg5 41.fxg5 Be8 42.Rf6 Ra4 43.Re6 Qd8 44.h4 Bd7
45.Ref6 Qc8 46.Kg3 Be8 47.Be2 Raa7 48.Qe3 Ra2 49.Bg4 Qc4 50.Re6 Kf8 51.Qf3  1-0

[Event "Gausdal Int"]
[Site "Gausdal"]
[Date "1991.??.??"]
[Round "8"]
[White "Murugan, Krishnamoorthy"]
[Black "Bologan, Viktor"]
[Result "1/2-1/2"]
[WhiteElo "2395"]
[BlackElo "2535"]

1.d4 Nf6 2.c4 g6 3.Nc3 Bg7 4.e4 d6 5.Nf3 O-O 6.Be2 e5 7.O-O Nc6 8.d5 Ne7
9.Ne1 Nd7 10.Nd3 f5 11.Bd2 Kh8 12.Rc1 c5 13.a3 Nf6 14.f3 h5 15.exf5 Nxf5
16.Nf2 Nd4 17.Bd3 Bf5 18.Nce4 Nxe4 19.Nxe4 Bf6 20.b4 b6 21.Rb1 Qe7 22.Be3 Bxe4
23.Bxe4 Bg5 24.Bf2 Nf5 25.Qd3 h4 26.bxc5 bxc5 27.Rb3 Bf4 28.Rfb1 Qg5 29.h3 Rf7
30.Rb8+ Rxb8 31.Rxb8+ Kg7 32.Bxf5 gxf5 33.Qb1 Re7 34.Rb7 e4 35.fxe4 fxe4
36.Rxe7+ Qxe7 37.Qe1 Qe5 38.Bxh4 Qd4+ 39.Kh1 Qxc4 40.Bg3 e3 41.Kg1 Bg5 42.Bxd6 Qd4
43.Kh1 c4 44.Qg3 Kf6 45.Be7+ Kxe7 46.Qxg5+ Kd6 47.Qd8+ Ke5 48.Qg5+ Ke4 49.Qe7+ Kxd5
50.Qd7+ Ke5 51.Qg7+ Ke4 52.Qg4+  1/2-1/2

[Event "Gausdal Int"]
[Site "Gausdal"]
[Date "1991.??.??"]
[Round "9"]
[White "Bologan, Viktor"]
[Black "Prasad, Devaki V"]
[Result "1-0"]
[WhiteElo "2535"]
[BlackElo "2420"]

1.e4 c5 2.Nf3 e6 3.c4 d5 4.cxd5 exd5 5.exd5 Qxd5 6.Nc3 Qd8 7.d4 cxd4 8.Nxd4 Nf6
9.Bb5+ Bd7 10.O-O Be7 11.Qf3 Bxb5 12.Ncxb5 Qd7 13.Bg5 O-O 14.Nf5 Bd8 15.Nbd6 Nc6
16.Rad1 Ne5 17.Qh3 Kh8 18.Rfe1 Ng6 19.Qb3 b6 20.Qf3  1-0

[Event "Peer Gynt"]
[Site "Gausdal"]
[Date "1991.??.??"]
[Round "9"]
[White "Bologan, Viktor"]
[Black "Serper, Grigory"]
[Result "1/2-1/2"]
[WhiteElo "2535"]
[BlackElo "2490"]

1.d4 d5 2.c4 c6 3.Nc3 Nf6 4.cxd5 cxd5 5.Bf4 Nc6 6.Nf3 Bf5 7.e3 e6 8.Bd3 Bxd3
9.Qxd3 Bd6 10.Bxd6 Qxd6 11.O-O O-O 12.Rac1  1/2-1/2

[Event "Jurmala"]
[Site "Jurmala"]
[Date "1991.??.??"]
[Round "?"]
[White "Bologan, Viktor"]
[Black "Landa, Konstantin"]
[Result "1/2-1/2"]
[WhiteElo "2510"]
[BlackElo "2460"]

1.e4 c5 2.Nf3 e6 3.c4 Nc6 4.Nc3 e5 5.a3 g6 6.b4 d6 7.g3 Bg7 8.Rb1 Nge7 9.Bg2 O-O
10.O-O Be6 11.d3 Qd7 12.Ng5 Nd4 13.Be3 Rab8 14.Nxe6 Nxe6 15.Qa4 Nc6 16.Nd5 Rfd8
17.Bh3 Ncd4 18.Qxd7 Rxd7 19.bxc5 dxc5 20.f4 exf4 21.gxf4 f5 22.Rf2 Rf8 23.Kh1 Nc6
24.e5 Rdf7 25.Rfb2 Ncd8 26.Bg2 g5 27.Nf6+ Bxf6 28.exf6 gxf4 29.Bd2 Rxf6 30.Bd5 Kh8
31.Rf1 b6 32.Bc3 Nd4 33.Rxf4 N8e6 34.Rh4 f4 35.Rf2 f3 36.Re4 Nf4 37.Rxd4 cxd4
38.Bxd4 Nxd5 39.cxd5 Kg8 40.Bxf6 Rxf6 41.Kg1 Rf5 42.Rc2 Rxd5 43.Rc8+ Kf7
44.Rc7+ Kg6 45.Rxa7 Rxd3 46.Kf2 h5 47.Rb7 Rxa3  1/2-1/2

[Event "Jurmala"]
[Site "Jurmala"]
[Date "1991.??.??"]
[Round "?"]
[White "Bologan, Viktor"]
[Black "Belikov, Vladimir"]
[Result "1-0"]
[WhiteElo "2510"]
[BlackElo "2415"]

1.e4 c5 2.Nf3 Nc6 3.Bb5 e6 4.O-O Nge7 5.b3 a6 6.Bxc6 Nxc6 7.Bb2 d5 8.exd5 Qxd5
9.Nc3 Qd7 10.Ne4 b6 11.d4 cxd4 12.Nxd4 Nxd4 13.Qxd4 Qxd4 14.Bxd4 Bb7 15.Rfe1 b5
16.a4 b4 17.Nc5 Bxc5 18.Bxc5 Rc8 19.Bxb4 Rxc2 20.Rad1 Rc7 21.Rd3 Rd7 22.Rg3 Rg8
23.Bc3 Bd5 24.b4 f5 25.h4 Kf7 26.b5 axb5 27.axb5 g6 28.Be5 Rc8 29.b6 Rc4
30.h5 Rg4 31.Rxg4 fxg4 32.Rd1 Rb7 33.hxg6+ Kxg6 34.Bc7 h5 35.g3 Bc4 36.Rd4 Ba6
37.Rd8 Bc4 38.Re8 Kf7 39.Rh8 Kg6 40.Rg8+ Kf5 41.Kg2 Be2 42.Kg1 Kf6 43.Ra8 Bc4
44.Ra5 Kg6 45.Re5 Kh6 46.Rc5 Bd5 47.Kf1 h4 48.gxh4 Kh5 49.Kg1 Kxh4 50.Kh2 Kh5
51.Kg3 Kg5 52.Rc1 Bf3 53.Re1 Bd5 54.Re5+ Kf6 55.Kf4 Bf3 56.Re1 Kf7 57.Ke5 Ke7
58.Rc1 Bg2 59.Rd1 Bd5 60.Rxd5 exd5 61.Kxd5 Rxc7 62.bxc7 Kd7 63.Ke5 Kxc7 64.Kf5 Kd6
65.Kxg4 Ke5 66.Kg5 Ke4  1-0

[Event "Jurmala"]
[Site "Jurmala"]
[Date "1991.??.??"]
[Round "?"]
[White "Maljutin, Evgeni"]
[Black "Bologan, Viktor"]
[Result "0-1"]
[WhiteElo "2385"]
[BlackElo "2510"]

1.e4 g6 2.d4 Bg7 3.Nc3 c6 4.h3 d6 5.a4 Nf6 6.g4 O-O 7.Bg2 e5 8.Nge2 h5 9.dxe5 dxe5
10.Qxd8 Rxd8 11.f3 Na6 12.Bg5 Nb4 13.Rc1 Re8 14.Kf2 Nh7 15.Be3 h4 16.Rhd1 a5
17.Rd2 Bf6 18.Rcd1 Bg5 19.Nb1 Bxe3+ 20.Kxe3 Be6 21.Na3 Na6 22.f4 exf4+ 23.Nxf4 Ng5
24.Nxe6 Nxe6 25.Nc4 Nac5 26.Nb6 Rab8 27.c3 Nb3 28.Rd6 Nec5 29.Kf4 Kg7 30.g5 Re7
31.Rd8 Ne6+  0-1

[Event "Wch U20"]
[Site "Mamaia"]
[Date "1991.??.??"]
[Round "?"]
[White "Bologan, Viktor"]
[Black "Groenn, Atle"]
[Result "1/2-1/2"]
[WhiteElo "2535"]
[BlackElo "2320"]

1.e4 c5 2.Nf3 Nc6 3.Bb5 g6 4.Bxc6 bxc6 5.O-O Bg7 6.Re1 e5 7.c3 Ne7 8.d4 cxd4
9.cxd4 exd4 10.Nxd4 O-O 11.Nc3 Rb8 12.Nb3 d5 13.Bg5 d4 14.Ne2 d3 15.Nc3 Be6
16.Re3 Bc4 17.Rh3 Re8 18.Qd2 Bxb3 19.axb3 Rxb3 20.Rxd3 Qb6 21.Ra2 Bxc3 22.Rxc3 Rd8
23.Qe1 Rxb2 24.Rxb2 Qxb2 25.h4 Rd7 26.Bf6 Qb5 27.Qa1 Kf8 28.Rc1 Qb8 29.Bg7+ Ke8
30.Bh6 Rd8 31.Qh8+ Kd7 32.Rd1+  1/2-1/2

[Event "Wch U20"]
[Site "Mamaia"]
[Date "1991.??.??"]
[Round "?"]
[White "Bologan, Viktor"]
[Black "Nielsen, Peter Heine"]
[Result "1/2-1/2"]
[WhiteElo "2535"]
[BlackElo "2445"]

1.e4 c6 2.c4 e5 3.Nf3 d6 4.d4 Nd7 5.Nc3 Ngf6 6.Be2 Be7 7.O-O a6 8.c5 exd4
9.cxd6 dxc3 10.dxe7 Qxe7 11.bxc3 O-O 12.Re1 Qxe4 13.Ba3 c5 14.Qd6 b6 15.Nd4 Re8
16.Bf1 Qxe1 17.Rxe1 Rxe1 18.Nf5 Bb7 19.c4 Rb1 20.Qg3 g6 21.Nd6 Bc6 22.Qd3 Re1
23.Bb2 Re6 24.f4 Ne8 25.Nxe8 Raxe8 26.f5 gxf5 27.Qxf5 Be4 28.Qf4 Bg6 29.Qh6 f6
30.h4 Ne5 31.Qf4 Kg7 32.Be2 h5  1/2-1/2

[Event "Wch U20"]
[Site "Mamaia"]
[Date "1991.??.??"]
[Round "?"]
[White "Bologan, Viktor"]
[Black "Prakash, G B."]
[Result "1-0"]
[WhiteElo "2535"]
[BlackElo "2355"]

1.e4 e5 2.Nf3 Nc6 3.Bc4 Bc5 4.c3 Nf6 5.d3 a6 6.Bb3 d6 7.Nbd2 O-O 8.h3 Ba7
9.Nf1 h6 10.g4 Nh7 11.Ng3 Be6 12.Rg1 d5 13.Qe2 Re8 14.exd5 Bxd5 15.Ne4 Bxb3
16.axb3 f6 17.h4 Kh8 18.Be3 Bxe3 19.Qxe3 Qd5 20.O-O-O Qxb3 21.g5 f5 22.Nc5 Qb6
23.gxh6 Rad8 24.Rxg7 e4 25.Ng5 Nxg5 26.Qxg5 Ne5 27.Rh7+  1-0

[Event "Wch U20"]
[Site "Mamaia"]
[Date "1991.??.??"]
[Round "?"]
[White "Mikhalevski, Victor"]
[Black "Bologan, Viktor"]
[Result "1/2-1/2"]
[WhiteElo "2300"]
[BlackElo "2535"]

1.d4 d5 2.c4 c6 3.Nf3 Nf6 4.Qb3 e6 5.g3 Be7 6.Bg2 O-O 7.O-O Nbd7 8.Bg5 b6
9.cxd5 cxd5 10.Nc3 a6 11.a4 Bb7 12.Rac1 h6 13.Bxf6 Bxf6 14.e3 Qe7 15.Nd2 Rac8
16.f4 Qd6 17.f5 Kh8 18.fxe6 fxe6 19.Ne2 Rxc1 20.Rxc1 e5 21.Nf3 e4 22.Nd2 Bg5
23.Rf1 Rxf1+ 24.Nxf1 Bc6 25.Nd2 Bxa4 26.Qxa4 Bxe3+ 27.Kh1 Bxd2 28.Bh3 b5
29.Qc2 Bg5 30.Qc8+ Nf8 31.Bf5 b4 32.h4 Be3 33.h5 Qf6 34.Kg2 Kg8 35.Bg4 Qd6
36.Qb7 Bg5 37.Bc8 a5 38.Qb5 Ne6 39.Qe8+ Nf8 40.Qb5 Kh8 41.Bf5 Bd8 42.Qe8 Bc7
43.Nf4 Kg8 44.Be6+ Kh7 45.Bf5+  1/2-1/2

[Event "Wch U20"]
[Site "Mamaia"]
[Date "1991.??.??"]
[Round "?"]
[White "Pedzich, Dominik"]
[Black "Bologan, Viktor"]
[Result "0-1"]
[WhiteElo "2385"]
[BlackElo "2535"]

1.e4 c5 2.Nf3 e6 3.d4 cxd4 4.Nxd4 a6 5.Bd3 g6 6.O-O Bg7 7.Be3 Nc6 8.c3 Nge7
9.Nd2 O-O 10.Nxc6 Nxc6 11.Nc4 d5 12.exd5 exd5 13.Nd2 d4 14.cxd4 Nxd4 15.Nb3 Nxb3
16.Qxb3 Be6 17.Bc4 Bxc4 18.Qxc4 Bxb2 19.Rad1 Qc8 20.Qb3 Bg7 21.a4 Re8 22.Rc1 Qb8
23.Rfd1 Re7 24.Rc5 Qe8 25.Rcd5 Bh6 26.Kf1 Bxe3 27.fxe3 Rb8 28.Kf2 b5 29.axb5 Rxb5
30.Qc3 Rxd5 31.Rxd5 Qa4 32.Rd4 Qa2+ 33.Qd2 Qxd2+ 34.Rxd2 Ra7 35.Rd4 a5 36.Ra4 Kg7
37.e4 Kf6 38.Ke3 Ke5 39.g3 h6 40.Kd3 Ra8 41.h4 Ra7 42.Ke3 h5 43.Kd3 Ra8 44.Ke3 Ra6
45.Kd3 Ra7 46.Ke3 Kd6 47.Kd4 Kc6 48.Kc4 Kb6 49.Ra1 a4 50.Kd5 Kb5 51.Rb1+ Ka5
52.Kc5 Rc7+ 53.Kd6 Rc4 54.e5 Rb4 55.Rf1 a3 56.Ke7 Rb7+ 57.Kf6 Ka4 58.Rf4+ Kb5
59.Rf1 Kc5 60.e6 fxe6 61.Kxg6 Rb3  0-1

[Event "Moscow5"]
[Site "Moscow"]
[Date "1991.??.??"]
[Round "?"]
[White "Wessman, Richard"]
[Black "Bologan, Viktor"]
[Result "1/2-1/2"]
[WhiteElo "2460"]
[BlackElo "2535"]

1.d4 Nf6 2.c4 g6 3.Nc3 Bg7 4.g3 d6 5.Bg2 Nc6 6.Nf3 Bd7 7.O-O a6 8.b3 Rb8
9.a4 a5 10.Bb2 O-O 11.d5 Nb4 12.Na2 Nxa2 13.Rxa2 c6 14.Nd4 cxd5 15.cxd5 Qb6
16.h3 Be8 17.Kh2 Nd7 18.e4 Nc5 19.Ba1 Qb4 20.f4 Bxd4 21.Qxd4 Qxd4 22.Bxd4 Nxb3
23.Bb6 Bd7 24.Rb1 Nc5 25.Ba7 Nxa4 26.Bxb8 Rxb8 27.Ra3 b6 28.e5 Rb7 29.Bf1 Nc5
30.Bb5 Bxb5 31.Rxb5 dxe5 32.fxe5 Rd7 33.Rxb6 Rxd5 34.Rxa5 Rxe5 35.Rb2 h5
36.g4 h4 37.Kg2 Nd3 38.Rxe5 Nxe5 39.g5 f6 40.gxf6 exf6 41.Rb7 g5 42.Kf2 Nf7
43.Ke3 Kg7 44.Ke4 Kg6 45.Rb6 Ne5 46.Ra6 Nc4 47.Kd3 Ne5+ 48.Ke4 Nf7 49.Rb6 Nh6
50.Ra6 Nf5 51.Rb6 Ng3+ 52.Kf3 Nh5 53.Kg4 Nf4 54.Rd6 Ne2 55.Kf3 Ng3 56.Ra6 Nh5  1/2-1/2

[Event "Moscow5"]
[Site "Moscow"]
[Date "1991.??.??"]
[Round "?"]
[White "Szekely, Peter"]
[Black "Bologan, Viktor"]
[Result "0-1"]
[WhiteElo "2450"]
[BlackElo "2535"]

1.Nf3 Nf6 2.c4 g6 3.g3 Bg7 4.Bg2 O-O 5.d4 d6 6.Nc3 c6 7.O-O Nbd7 8.e4 e5
9.Rb1 Re8 10.h3 a6 11.dxe5 dxe5 12.Be3 b5 13.b4 bxc4 14.Qe2 a5 15.bxa5 Qxa5
16.Rfc1 Ba6 17.Nd2 Reb8 18.Nxc4 Qc7 19.Bf1 Nf8 20.Qd1 Rxb1 21.Rxb1 Ne6 22.Qd6 Qxd6
23.Nxd6 Bf8 24.Nc4 Nd7 25.Nb6 Nxb6 26.Rxb6 Bxf1 27.Kxf1 Nd4 28.a4 h5 29.h4 Bc5
30.Rb7 Ra6 31.Bg5 Kg7 32.f4 exf4 33.Bxf4 Kf6 34.e5+ Ke6 35.Ne4 Be7 36.Bg5 Ba3
37.Bf6 Rxa4 38.Ng5+ Kd5 39.Rxf7 Bc5 40.Rd7+ Kc4 41.e6 Ra1+ 42.Kg2 Ra2+ 43.Kh3 Re2
44.e7 Nf5 45.Nf3 Bxe7 46.Be5 Bb4 47.Bf4 Bc3 48.Rc7 c5 49.Rc8 Rf2 50.Ng5 Bd4
51.Ne6 Ra2 52.Ng5 Nh6 53.Nf3 Ng4 54.Bg5 Rf2 55.Rf8 Kd3 56.Ne1+ Ke2 57.Rxf2+  0-1

[Event "Moscow5"]
[Site "Moscow"]
[Date "1991.??.??"]
[Round "?"]
[White "Piskov, Yury"]
[Black "Bologan, Viktor"]
[Result "0-1"]
[WhiteElo "2465"]
[BlackElo "2535"]

1.d4 d6 2.c4 e5 3.Nf3 e4 4.Ng5 f5 5.Nc3 c6 6.Bf4 h6 7.Nh3 g5 8.Bd2 Nf6 9.e3 Bg7
10.Be2 O-O 11.Qc2 Be6 12.O-O-O d5 13.c5 b6 14.Na4 Nfd7 15.Ng1 Qe7 16.f3 bxc5
17.dxc5 Ne5 18.h4 Nbd7 19.hxg5 hxg5 20.Nh3 Rab8 21.Be1 f4 22.fxe4 fxe3 23.g4 d4
24.Rxd4 Bxa2 25.b4 Bf7 26.Rf1 a5 27.Rf5 axb4 28.Bxb4 Bf6 29.Nb6 Be6 30.Nxd7 Bxd7
31.Rxd7 Nxd7 32.Bc4+ Kg7 33.Bc3 Rh8 34.e5 Nxe5 35.Qe4 e2 36.Bxe5 Bxe5 37.Rxe5 Qf6
38.Re7+ Kf8 39.Rf7+ Qxf7 40.Bxf7 Rxh3 41.Qxe2 Rc3+ 42.Kd2 Rb2+ 43.Kxc3 Rxe2
44.Bg6 Ke7 45.Kd4 Rd2+  0-1

[Event "Moscow5"]
[Site "Moscow"]
[Date "1991.??.??"]
[Round "?"]
[White "Lanka, Zigurds"]
[Black "Bologan, Viktor"]
[Result "1/2-1/2"]
[WhiteElo "2505"]
[BlackElo "2535"]

1.e4 e5 2.Nf3 Nf6 3.Nxe5 d6 4.Nf3 Nxe4 5.Qe2 Qe7 6.d3 Nf6 7.Bg5 Qxe2+ 8.Bxe2 Be7
9.O-O O-O 10.Nc3 Nbd7 11.Rae1 c6  1/2-1/2

[Event "Moscow5"]
[Site "Moscow"]
[Date "1991.??.??"]
[Round "?"]
[White "Bologan, Viktor"]
[Black "Borkowski, Franciszek"]
[Result "1-0"]
[WhiteElo "2535"]
[BlackElo "2390"]

1.e4 e5 2.Nf3 Nc6 3.Bb5 a6 4.Ba4 Nf6 5.O-O d6 6.Bxc6+ bxc6 7.d4 exd4 8.Qxd4 c5
9.Qd3 Bb7 10.Re1 Be7 11.c4 O-O 12.Nc3 Re8 13.Bd2 Nd7 14.Nd5 Bf6 15.Ba5 Bxd5
16.Qxd5 Rb8 17.Rab1 Nb6 18.Qd3 Re6 19.b3 Qe8 20.Re2 Qc6 21.Rbe1 Rbe8 22.h3 g6
23.Kh1 Qb7 24.Nh2 Nd7 25.Qd5 Qc8 26.Nf3 R6e7 27.Bd2 Bg7 28.Bf4 Bc3 29.Rc1 Bg7
30.Qd3 h6 31.Rce1 Kh7 32.Kg1 Nf8 33.Bd2 Ne6 34.h4 Nd4 35.Nxd4 Bxd4 36.h5 Qg4
37.hxg6+ Qxg6 38.g3 c6 39.Qf3 d5 40.cxd5 cxd5 41.e5 Bxe5 42.Bf4 Qf6 43.Qxd5 Bxf4
44.Rxe7 Rxe7 45.Rxe7 Qxe7 46.Qf5+ Kg7 47.Qxf4 Qf6 48.Qg4+ Qg6 49.Qe2 Qd6
50.Kg2 f5 51.Qf3 Kg6 52.a4 Qe6 53.Qc3 Qe4+ 54.Kg1 Qd5 55.a5 f4 56.gxf4 Kf5
57.Qh3+ Kg6 58.Qc8 Qxb3 59.Qxa6+ Kg7 60.Qa7+ Kg8 61.Qa8+ Kf7 62.Qa7+ Kg8
63.Qxc5 Qd1+ 64.Kh2 Qf3 65.Qc8+ Kf7 66.Qf5+ Ke8 67.Kg1 Qc6 68.Qe5+ Kf8 69.f5 Qf3
70.Qd6+ Ke8 71.Qe6+ Kd8 72.f6 Qh5 73.f7 Qg5+ 74.Kf1 Qb5+ 75.Kg2 Qg5+ 76.Kf3 Qh5+
77.Kf4 Qh4+ 78.Ke3 Qg5+ 79.Ke4 Qg2+ 80.Ke5 Qg5+ 81.Kd6 Qf4+ 82.Kc6 Qc1+ 83.Kb7 Qh1+
84.Ka7 Kc7 85.Qe7+  1-0

[Event "Nimes op"]
[Site "Nimes"]
[Date "1991.??.??"]
[Round "1"]
[White "Bologan, Viktor"]
[Black "Astolfi, Frederic"]
[Result "1-0"]
[WhiteElo "2510"]
[BlackElo "2235"]

1.e4 c6 2.c4 d5 3.cxd5 cxd5 4.exd5 Nf6 5.Bb5+ Nbd7 6.Nc3 a6 7.Qa4 Rb8 8.Bxd7+ Bxd7
9.Qf4 e6 10.dxe6 Bxe6 11.Nge2 Bd6 12.Qh4 O-O 13.O-O Re8 14.d3 Ng4 15.Qxd8 Rbxd8
16.Bf4 Bxf4 17.Nxf4 Bf5 18.Rad1 g5 19.Nfd5 Re5 20.h3 Nh6 21.Ne3 Bxd3 22.Rd2 Re6
23.Rfd1 Red6 24.Nc4 Bxc4 25.Rxd6 Rxd6 26.Rxd6 Nf5 27.Rb6  1-0

[Event "Nimes op"]
[Site "Nimes"]
[Date "1991.??.??"]
[Round "3"]
[White "Bologan, Viktor"]
[Black "Bricard, Emmanuel"]
[Result "1-0"]
[WhiteElo "2510"]
[BlackElo "2395"]

1.e4 g6 2.d4 Bg7 3.Nc3 c6 4.f4 d5 5.e5 h5 6.Be3 Nh6 7.Nf3 Qb6 8.Na4 Qc7 9.Nc5 e6
10.g3 Bf8 11.Nb3 b6 12.h3 Nf5 13.Bf2 c5 14.c3 a5 15.Rg1 Be7 16.a4 Kf8 17.Be2 Ba6
18.Kf1 Nd7 19.Bxa6 Rxa6 20.Kg2 Qc6 21.Qe2 Ra8 22.Nbd2 Rb8 23.b3 Rc8 24.g4 Ng7
25.Nf1 f5 26.exf6 Bxf6 27.Ne3 Kg8 28.Qd3 hxg4 29.hxg4 g5 30.fxg5 Be7 31.Rh1 Kf7
32.g6+ Kg8 33.Rxh8+ Kxh8 34.Qf1 Kg8 35.Qh1 Nf8 36.Ne5 Qe8 37.Qh6 Bf6 38.Rh1  1-0

[Event "Nimes op"]
[Site "Nimes"]
[Date "1991.??.??"]
[Round "6"]
[White "Bologan, Viktor"]
[Black "Hracek, Zbynek"]
[Result "1-0"]
[WhiteElo "2510"]
[BlackElo "2485"]

1.e4 e5 2.Nf3 Nc6 3.Bc4 d6 4.O-O g6 5.d4 exd4 6.c3 d3 7.Ng5 Nh6 8.f4 Bg7
9.Qxd3 O-O 10.h3 Na5 11.Be3 Nxc4 12.Qxc4 Kh8 13.Nd2 Qe7 14.Rae1 f6 15.Ngf3 Be6
16.Qa4 a6 17.Qc2 Bg8 18.a4 b5 19.Bf2 Qd7 20.Ra1 Rfe8 21.axb5 axb5 22.Qd3 Red8
23.b4 Ra4 24.Nd4 c5 25.N4f3 cxb4 26.cxb4 Rda8 27.Rac1 Rxb4 28.e5 fxe5 29.fxe5 d5
30.Rc5 Bf8 31.e6 Qg7 32.Qxd5 Re8 33.Re1 Bxc5 34.Qxc5 Rf4 35.Bd4 Rxd4 36.Nxd4 Nf5
37.Nxf5 gxf5 38.e7 Qf6 39.Nf3 Kg7 40.Nd4 f4 41.Nxb5 f3 42.Nc7  1-0